10 Famous People from Nigeria - Statistics

General Stats
  • This quiz has been taken 45 times
  • The average score is 3 of 10
Answer Stats
Hint Answer % Correct
African footballer of the year in 2005 whose nickname is Jay Jay Augustine Okocha
73%
Basketball player who played for Houston Rockets and won NBA MVP Award in 1994 Hakeem Olajuwon
68%
Football player who won Champions League, UEFA Cup and the Olympic gold medal Nwankwo Kanu
48%
British actor born to Nigerian parents who played the role of Finn in Star Wars John Boyega
38%
British-Nigerian actor who starred in 12 years a slave, The Lion King and Half of a Yellow Sun Chiwetel Ejiofor
30%
Eurodance/hip-hop reggae artist whose most famous hit is "It's My Life" Dr. Alban
25%
All-time top goalscorer for the Nigerian national football team Rashidi Yekini
23%
British-Nigerian actress who played the lead role in the biopic Harriet Cynthia Erivo
15%
Female sprinter who is the world record holder in the 100m hurdles Tobi Amusan
13%
Female sprinter who was first Nigerian to appear at five Olympics from 1988 to 2004 Mary Onyali
8%
No matching quizzes found
Score Distribution
Percent of People with Each Score
Percentile by Number Answered
Your Score History
You have not taken this quiz